000 00798nam a2200217 a 4500
001 000016420
005 20200929164422.0
008 100305s1991 dr a 001 0 spa d
040 _aDO-SdBNP
_bspa
_cBNPHU
082 _a617.645
_bR173o
100 1 _aRamírez de los Santos, C. Jaqueline
_936599
245 1 0 _aOdontopediatría clínica /
_cC. Jaqueline Ramírez de los Santos; prólogo Rafael Kasse Acta.
260 _aSanto Domingo :
_bAmigo del Hogar,
_c1991.
300 _a538 p. :
_bil. ;
_c28 cm.
500 _aIncluye datos biográficos de la autora en la contracubierta
504 _aIncluye referencias bibliográficas
650 4 _aOdontología infantil
_921583
650 4 _aAtención odontologíca para niños
_936600
700 1 _aKasse Acta, Rafael
_epról.
_925885
049 _aBNPD
999 _c15955
_d15955